Wild, wild wolves / (Record no. 110107)
[ view plain ]
| 000 -LEADER | |
|---|---|
| fixed length control field | 00697nam a2200193 a 4500 |
| 001 - CONTROL NUMBER | |
| control field | 2291 |
| 005 - DATE AND TIME OF LATEST TRANSACTION | |
| control field | 20140414131849.0 |
| 008 - FIXED-LENGTH DATA ELEMENTS--GENERAL INFORMATION | |
| fixed length control field | 001113s19uu xx 00 eng d |
| 020 ## - INTERNATIONAL STANDARD BOOK NUMBER | |
| International Standard Book Number | 0-679-81052-8 |
| 050 ## - LIBRARY OF CONGRESS CALL NUMBER | |
| Classification number | M 599.74 |
| Item number | M64 1992 |
| 100 ## - MAIN ENTRY--PERSONAL NAME | |
| Personal name | Milton, Joyce |
| 245 ## - TITLE STATEMENT | |
| Title | Wild, wild wolves / |
| Statement of responsibility, etc | Joyce Milton ; illustrated by Larry Schwinger. |
| 260 ## - PUBLICATION, DISTRIBUTION, ETC. (IMPRINT) | |
| Place of publication, distribution, etc | New York : |
| Name of publisher, distributor, etc | Random House, |
| Date of publication, distribution, etc | 1992. |
| 300 ## - PHYSICAL DESCRIPTION | |
| Extent | 48 p. : col.,ill. ; cm. |
| 440 ## - SERIES STATEMENT/ADDED ENTRY--TITLE | |
| Title | Step into reading. A step 2 book |
| 520 ## - SUMMARY, ETC. | |
| Summary, etc | Intoduces the natural history of wolves, examining their social structure, hunting tactics, growth, and development, and explores myths and legends about them. |
| 650 ## - SUBJECT ADDED ENTRY--TOPICAL TERM | |
| Topical term or geographic name as entry element | Wolves. |
| Withdrawn status | Lost status | Damaged status | Home library | Current library | Shelving location | Date acquired | Total Checkouts | Full call number | Barcode | Date last seen | Price effective from | Koha item type |
|---|---|---|---|---|---|---|---|---|---|---|---|---|
| Munich Library | Munich Library | Main Section | 05/30/2005 | M 599.74 M64 1992 | M0402 | 04/14/2014 | 04/14/2014 | Books |